Το κάστρο των αγγέλων

Αποθηκεύτηκε σε:
Λεπτομέρειες βιβλιογραφικής εγγραφής
Κύριος συγγραφέας: Gaarder, Jostein, 1952-
Μορφή: Βιβλίο
Γλώσσα:Greek
Norwegian
Δημοσίευση: Αθήνα : Εκδοτικός Οργανισμός Λιβάνη, 1999.
Σειρά:Ξένη λογοτεχνία (Εκδοτικός Οργανισμός Λιβάνη)
Θέματα:
Ετικέτες: Προσθήκη ετικέτας
Δεν υπάρχουν, Καταχωρήστε ετικέτα πρώτοι!

MARC

LEADER 00000cam a2200000 a 4500
001 1/122876
008 210412s1999####gr | ||| |||| ||gre||
020 |a 9601400761 
040 |a GR-MyUa  |b gre  |c GR-MyUa  |e AACR2 
041 1 |a gre  |h nor 
082 7 |a 839.823   |2 (23) 
100 1 |a Gaarder, Jostein,   |d 1952- 
245 1 3 |a Το κάστρο των αγγέλων /   |c Γιοστέιν Γκάαρντερ ; μετάφραση: Μαρία Αγγελίδου. 
260 |a Αθήνα :   |b Εκδοτικός Οργανισμός Λιβάνη,   |c 1999. 
300 |a 300 σ. ;   |c 21 εκ. 
490 1 |a (Ξένη λογοτεχνία / Εκδοτικός Οργανισμός Λιβάνη) 
500 |a Τίτλος πρωτοτύπου: Diagnosen - og andre noveller. 
650 0 |a Norwegian fiction 
830 0 |a Ξένη λογοτεχνία (Εκδοτικός Οργανισμός Λιβάνη) 
852 |a INST  |b SYROS  |e 20210412  |h 839.823 GAA  |p 005500014283  |q 005500014283  |t BK  |y 0 
970 |a Κοντού  |b Παρασκευή  |z 12/04/2021